| 000 | 01757nam a2200505 i 4500 | ||
|---|---|---|---|
| 001 | 29996 | ||
| 003 | KOSZ 005 | ||
| 005 | 20191030140940.0 | ||
| 008 | 970510s1993 pl a f |000 0 pol | ||
| 015 | _aPB 1994/6867 | ||
| 035 | _a991000579499705066 | ||
| 035 | _a(PL-WaBN)b10196523-48omnis_nlop | ||
| 035 | _ab10196523 | ||
| 035 | _a(OCoLC)834009254 | ||
| 035 | _a(PL)b0000001019652 | ||
| 035 | _a(EXLNZ-48OMNIS_NETWORK)9910045479105606 | ||
| 040 |
_aWA N _cWA N _dKOSZ 005/HR |
||
| 041 | 0 |
_apol _beng _bger |
|
| 046 | _k1993 | ||
| 080 | _a62-82 | ||
| 080 | _a519.8 | ||
| 100 | 1 |
_aGarbacik, Andrzej _eAutor |
|
| 245 | 1 | 0 |
_aModelowanie hydraulicznych układów napędowych maszyn roboczych / _cAndrzej Garbacik. |
| 260 |
_aKraków : _bPK, _c1993. |
||
| 300 |
_a141 s. : _brys., wykr. ; _c24 cm. |
||
| 336 |
_2rdacontent _aTekst _btxt |
||
| 337 |
_2rdamedia _aBez urządzenia pośredniczącego _bn |
||
| 338 |
_2rdacarrier _aWolumin _bnc |
||
| 380 | _aKsiążki | ||
| 380 | _aPublikacje naukowe | ||
| 388 | _a1901-2000 | ||
| 388 | _a1989-2000 | ||
| 490 | 1 |
_aMonografia / Politechnika Krakowska im. Tadeusza Kościuszki, _x0860-097X ; _v155 |
|
| 504 | _aBibliogr. s. 129-138. - Summ., Zsfassung. | ||
| 650 | 7 |
_aGrafy _2DBN |
|
| 650 | 7 | _aZastosowanie i wykorzystanie | |
| 650 | 7 |
_aNapęd hydrauliczny _2DBN |
|
| 650 | 7 | _aModele matematyczne | |
| 658 | _aInżynieria i technika | ||
| 710 | 2 |
_aWydawnictwo Politechniki Krakowskiej _4pbl |
|
| 830 | 0 |
_aMonografia - Politechnika Krakowska im. Tadeusza Kościuszki, _v155 |
|
| 856 |
_uhttp://koha.tu.koszalin.pl/cgi-bin/koha/opac-detail.pl?biblionumber=29996 _yKatalog online BPK |
||
| 942 |
_2UKD _cKS |
||
| 999 |
_c29996 _d29996 |
||